Psalm 130 Quiz Stats

 Plays Quiz not verified by Sporcle

Also try: Psalm 137
Challenge
Share
Tweet
Embed
Score 0/116 Timer 08:00
0 Plays Today
% Correct
the
97%
the
97%
the
97%
the
97%
the
97%
the
97%
the
97%
the
97%
I
90.1%
5 I
90.1%
I
90.1%
I
90.1%
O
86.1%
O
86.1%
LORD.
83.2%
2 Lord,
83.2%
LORD,
83.2%
Lord,
83.2%
LORD,
83.2%
Lord
83.2%
LORD:
83.2%
LORD
83.2%
thee,
80.2%
is
80.2%
thee,
80.2%
is
80.2%
is
80.2%
and
79.2%
in
79.2%
in
79.2%
and
79.2%
8 And
79.2%
of
78.2%
of
78.2%
thou,
78.2%
thou
78.2%
for
78.2%
for
78.2%
for
78.2%
% Correct
for
78.2%
for
78.2%
he
77.2%
unto
76.2%
my
75.2%
my
75.2%
my
75.2%
6 My
75.2%
to
72.3%
thine
66.3%
from
64.4%
who
63.4%
shall
63.4%
be
62.4%
be
62.4%
shall
61.4%
hear
60.4%
with
60.4%
with
60.4%
with
60.4%
his
59.4%
do
59.4%
his
59.4%
1 Out
58.4%
3 If
57.4%
soul
57.4%
soul
57.4%
all
57.4%
depths
55.4%
that
54.5%
that
54.5%
that
54.5%
have
53.5%
there
53.5%
there
53.5%
him
53.5%
mercy,
51.5%
wait
50.5%
wait,
50.5%
% Correct
they
50.5%
they
50.5%
4 But
49.5%
doth
49.5%
stand?
48.5%
than
48.5%
than
48.5%
ears
47.5%
hope.
47.5%
hope
47.5%
cried
45.5%
let
45.5%
more
45.5%
more
45.5%
7 Let
45.5%
Israel
45.5%
Israel
45.5%
voice:
44.6%
voice
44.6%
shouldest
44.6%
morning;
44.6%
morning.
44.6%
mark
43.6%
watch
43.6%
watch
43.6%
waiteth
42.6%
iniquities,
41.6%
word
41.6%
plenteous
41.6%
iniquities.
41.6%
forgiveness
40.6%
redeem
40.6%
mayest
37.6%
say,
37.6%
attentive
33.7%
redemption.
33.7%
supplications.
32.7%
feared.
27.7%

You're not logged in!

Compare scores with friends on all Sporcle quizzes.
Join for Free
OR
Log In

You Might Also Like...

Show Comments

Extras

Top Quizzes Today


Score Distribution

Your Account Isn't Verified!

In order to create a playlist on Sporcle, you need to verify the email address you used during registration. Go to your Sporcle Settings to finish the process.

Report this User

Report this user for behavior that violates our Community Guidelines.

Details: